000 00896nam a2200253Ia 4500
001 371
003 GE_BSU
008 181216s||||||||xx |||||||||||||| ||und||
020 _a9994035320
040 _cGE_BSU
080 _a519.6(075.8)
100 _aგაბელაია,აკაკი; ნარიმანაშვილი, ნოდარ, ჯიბლაძე, ნოდარ
245 _aწრფივი დაპროგრამება
245 _bდამხმ.სახელმძღვ.
245 _cრედ.ა.ედიბერიძე
260 _aთბილისი
260 _bტექნიკური უნივერსიტეტი
260 _c2004
300 _a88გვ.
541 _h5ლ.
653 _aმათემატიკა
653 _aწრფივი დაპროგრამება
942 _cBK
999 _c34609
_d34609